000 00968nam a2200229Ii 4500
003 JO-AjNU
008 230605s9999||||xx |||||||||||||| ||und||
017 _a2019/9489
020 _a978-977-841-073-0
040 _aJO-AjNU
_bara
_erda
_cJO-AjNU
041 _aara
050 1 4 _aJX1245.2020
100 3 _aالزهيري،سهاد عبد الجمال عبدالكريم,
_eauthor
_961812
245 0 0 _aالجزاءات الدولية الذكية في القانون الدولي العام: (دراسة تحليلية تطبيقية)
250 _aالطبعة الاولى
264 3 1 _aالقاهرة: المركز العربي للنشر والتوزيع، 2020
300 _a408ص
_b ويحتوي على قائمة مراجع ومستخلص وببلوغرافيا من ص357-ص408
336 _atext
_btxt
_2rdacontent
337 _aunmediated
_bn
_2rdamedia
338 _avolume
_bnc
_2rdacarrier
650 4 _aالقانون الدولي العام
_961813
999 _aA27959
_c31527
_d31527